000 01192nam a22002295i 4500
001 168946
003 ES-MaACL
005 20250824050815.0
008 080630s1996 sp |||| | spa d
080 _a821.134.2 Buero Vallejo, Antonio 1.07
245 0 3 _aLa dramaturgia de Antonio Buero Vallejo /
_cJornadas sobre Teatro y Filosofía ; organiza, Facultad de Filosofía, Departamento de Filosofía IV Universidad Complutense ; colabora Facultad de Filología ; coordinadora, Ana María Leyra.
260 _a[Madrid] :
_bFacultad de Filosofía, Departamento de Filosofía IV, Universidad Complutense,
_c[1996]
300 _a[44] p. ;
_c21 cm.
520 3 _aFolleto de presentación de las Jornadas, con textos de Antonio Buero Vallejo.
600 1 4 _aBuero Vallejo, Antonio, 1916-2000-
_xCrítica e interpretación
_932422
700 1 _aLeyra, Ana María
_972103
710 2 _aUniversidad Complutense de Madrid.
_bFacultad de Filología
_97120
710 0 0 _aUniversidad Complutense de Madrid.
_bFacultad de Filosofía.
_97122
711 2 _aJornadas sobre Teatro y Filosofía
_d(1996.
_cMadrid)
_9138065
852 _aES-MaACL
_j2241-F-13
_9R.142863
999 _c168946
_d168946